انتساب / (Record no. 108400)

MARC details
000 -LEADER
fixed length control field 00865nam a22002537a 4500
005 - DATE AND TIME OF LATEST TRANSACTION
control field 20170123162339.0
010 ## - LIBRARY OF CONGRESS CONTROL NUMBER
LC control number A-645002
020 ## - INTERNATIONAL STANDARD BOOK NUMBER
Terms of availability 00.00
035 ## - SYSTEM CONTROL NUMBER
System control number A-645002
037 ## - SOURCE OF ACQUISITION
Source of stock number/acquisition Cen Lib/Ret
040 ## - CATALOGING SOURCE
Original cataloging agency DPL
Language of cataloging UR
082 ## - DEWEY DECIMAL CLASSIFICATION NUMBER
Classification number 843.08
Item number ع ل ی
100 ## - MAIN ENTRY--PERSONAL NAME
Personal name اسلم عزیز رددانی
9 (RLIN) 107871
245 ## - TITLE STATEMENT
Title انتساب /
Statement of responsibility, etc اسلم عزیز رددانی
246 ## - VARYING FORM OF TITLE
Title proper/short title Intesab /
Remainder of title by Aslam Azeez Ruddani
260 ## - PUBLICATION, DISTRIBUTION, ETC. (IMPRINT)
Name of publisher, distributor, etc ایجوکیشنل پبلشنگ ہاؤس
Date of publication, distribution, etc 1972
Place of publication, distribution, etc دہلی
270 ## - ADDRESS
Address ٣١٠٨، گلی عزیز ادیں وکیل کچہ پنڈت لال کون
City دہلی
Postal code 110006
300 ## - PHYSICAL DESCRIPTION
Extent 200p.
Dimensions 21cm(Hb)
650 ## - SUBJECT ADDED ENTRY--TOPICAL TERM
Topical term or geographic name as entry element ادب -- اردو
9 (RLIN) 126389
650 ## - SUBJECT ADDED ENTRY--TOPICAL TERM
Topical term or geographic name as entry element اردو مضمون
9 (RLIN) 126390
650 ## - SUBJECT ADDED ENTRY--TOPICAL TERM
Topical term or geographic name as entry element Literature -- Urdu
9 (RLIN) 126391
650 ## - SUBJECT ADDED ENTRY--TOPICAL TERM
Topical term or geographic name as entry element Urdu essays
9 (RLIN) 528
942 ## - ADDED ENTRY ELEMENTS (KOHA)
Source of classification or shelving scheme Dewey Decimal Classification
Koha item type Urdu Bks
Classification part 843.08
Call number suffix ع ل ی
Holdings
Withdrawn status Lost status Damaged status Not for loan Home library Current library Date acquired Source of acquisition Cost, normal purchase price Total Checkouts Full call number Barcode Date last seen Copy number Cost, replacement price Price effective from Koha item type
        Central Library Central Library 20/01/2016 Cen Lib/Ret 0.00   843.08 ع ل ی A-645002 20/01/2016 1 0.00 15/09/2016 Urdu Bks

© Delhi Public Library
Hit Counter
free hit counter